| 000 | 00470nam a2200181Ia 4500 | ||
|---|---|---|---|
| 008 | 230524s9999 xx 000 0 und d | ||
| 020 | _a9788126518111 | ||
| 082 |
_a512.7 _bNIV |
||
| 100 | _aIvan Niven | ||
| 245 | 3 | _aAn Introduction to The Theory of Numbers | |
| 250 | _a5 | ||
| 260 |
_aDelhi _bWiley _c2017 |
||
| 300 | _a"XIII,529p;" | ||
| 500 | _aQuantity Number: 5 | ||
| 650 | _aMathematics | ||
| 700 | _a"Herbert S.Zuckerman,Hugh L.Montgomery" | ||
| 942 | _cBK | ||
| 999 |
_c60060 _d60060 |
||